000 00465nam a2200193Ia 4500
003 OSt
005 20230313155308.0
008 210210b1947 xxu||||| |||| 00| 0 eng d
040 _cAL
041 _aeng
082 _a543/233
100 _aTAYLOR (F Sherwood)
_975279
245 _aInorganic and theoretical chemistry
260 _aLondon
_bWilliam Heinemann Ltd.
_c1947
300 _a847
690 _aChemistry
_975280
906 _a009646
942 _2ddc
_cBK
999 _c128100
_d128100